Παγκόσμιος Χάρτης Χωρίς 12 Χώρες - Statistics

General Stats
  • This quiz has been taken 30 times
  • The average score is 9 of 12
Answers on the Map
Answers color-coded by a green-red scale on the quiz's map according to % correct below.
 
Answer Stats
Χώρα % Correct
Τουρκία
92%
Νέα Ζηλανδία
88%
Μαδαγασκάρη
79%
Νορβηγία
79%
Ιαπωνία
75%
Δανία
71%
Νότια Κορέα
71%
Σρι Λάνκα
71%
Χιλή
71%
Μπανγκλαντές
63%
Κύπρος
58%
Σομαλία
50%
No matching quizzes found
Score Distribution
Percent of People with Each Score
Percentile by Number Answered
Your Score History
You have not taken this quiz